Vista normal
Vista MARC
Entrada Personal Name
Número de registros utilizados en: 1
001 - CONTROL NUMBER
- control field: 11397
003 - CONTROL NUMBER IDENTIFIER
- control field: DLC
005 - DATE AND TIME OF LATEST TRANSACTION
- control field: 20210308115833.0
008 - FIXED-LENGTH DATA ELEMENTS
- fixed length control field: 800501n| acannaabn |a aaa
010 ## - LIBRARY OF CONGRESS CONTROL NUMBER
- LC control number: n 50019596
035 ## - SYSTEM CONTROL NUMBER
- System control number: (OCoLC)oca00055029
040 ## - CATALOGING SOURCE
- Original cataloging agency: DLC
- Language of cataloging: eng
- Transcribing agency: DLC
- Modifying agency: DLC
- Modifying agency: OCoLC
053 #0 - LC CLASSIFICATION NUMBER
- Classification number element--single number or beginning number of span: PQ8179.C78
100 1# - HEADING--PERSONAL NAME
- Personal name: Cuervo, Rufino José,
- Dates associated with a name: 1844-1911,
375 ## - GENDER
- Gender: hombre
377 ## - ASSOCIATED LANGUAGE
- Language code: spa
400 1# - SEE FROM TRACING--PERSONAL NAME
- Personal name: Cuervo, R. J.,
- Fuller form of name: (Rufino José),
- Dates associated with a name: 1844-1911,
670 ## - SOURCE DATA FOUND
- Source citation: His Apuntaciones criticas sobre el languaje bogotano, 1876.
670 ## - SOURCE DATA FOUND
- Source citation: Diccionario de construcción y régimen de la lengua castellana, 1994:
- Information found: v. 1, t.p. (R.J. Cuervo)